02040nam a2200337 a 450000100060000000300080000600500170001400800410003103500190007204000370009104100080012808200220013624500840015826000590024230000250030149000420032650000200036850500840038865000280047270000440050083000490054494200120059399900170060595201320062295201570075495201590091195201570107095201590122795201590138695201570154572262BD-RjUL20211209082234.0170516s1969 cauab 001 0 eng d a(BD-RjUL)72479 aSPIcSPIdOCLdEQOdBD-RjULbeng aeng 223a550bREA 196900aReadings in the earth sciences /cwith introduction by William H. Matthews III. aSan Francisco, Calif. :bW.H. Freeman and Co.,cc1969. av. :bill. ;c29 cm. aScientific American resource library. aIncludes index.0 aV.1 (Offprints 801-843)-- v. 2 (Offprints 844-874)-- v. 3 (Offprints 875-899)-- 0aEarth sciences.92039271 aMatthews, William Henry,d1919-9213663 0aScientific American resource library9213664 2ddccBK c72262d72262 00102ddc40708NFICaRUCLbRUCLcStackd1976-06-05eU.S. Govt.l0o550 REA V-1 1969r2017-05-16 00:00:00tC-3w2017-05-16yBK 00102ddc40708NFICaRUCLbRUCLcStackd1976-12-08eK.P.Bagchi and Co., Calcuttag21.60l0o550 REA V-1 1969r2017-05-16 00:00:00tC-2w2017-05-16yBK 00102ddc40718NFICaRUCLbRUCLcReadingd1976-12-08eK.P.Bagchi and Co., Calcuttag21.60l0o550 REA V-1 1969r2017-05-16 00:00:00tC-1w2017-05-16yBK 00102ddc40708NFICaRUCLbRUCLcStackd1976-12-08eK.P.Bagchi and Co., Calcuttag21.60l0o550 REA V-2 1969r2017-05-16 00:00:00tC-2w2017-05-16yBK 00102ddc40718NFICaRUCLbRUCLcReadingd1976-12-08eK.P.Bagchi and Co., Calcuttag21.60l0o550 REA V-2 1969r2017-05-16 00:00:00tC-1w2017-05-16yBK 00102ddc40718NFICaRUCLbRUCLcReadingd1976-12-08eK.P.Bagchi and Co., Calcuttag21.60l0o550 REA V-3 1973r2017-05-16 00:00:00tC-1w2017-05-16yBK 00102ddc40708NFICaRUCLbRUCLcStackd1976-12-08eK.P.Bagchi and Co., Calcuttag21.60l0o550 REA V-3 1973r2017-05-16 00:00:00tC-2w2017-05-16yBK